| 000 | 01069cam a2200313 4500 | ||
|---|---|---|---|
| 001 | 5791 | ||
| 003 | BD-RjUL | ||
| 005 | 20211208234128.0 | ||
| 008 | 140107r19661945nyu b 001 0 eng | ||
| 035 | _a(BD-RjUL)5830 | ||
| 040 |
_aDLC _cDLC _dBD-RjUL _beng |
||
| 041 | _aeng | ||
| 082 | 0 | 0 |
_a355.30943 _bSHP 1966 |
| 100 | 1 |
_aShanahan, William Oswald, _d1913- _918187 |
|
| 245 | 1 | 0 |
_aPrussian military reforms 1786-1813 / _cWilliam O. Shanahan. |
| 260 |
_aNew York, _bAMS Press, _cc1945 [reprinted 1966 ]. |
||
| 300 |
_a270 p. ; _c23 cm. |
||
| 490 | 1 |
_aStudies in history, economics and public law, _vno. 520 |
|
| 500 | _aOriginally presented as the author's thesis, Columbia University, 1945. | ||
| 504 | _aIncludes bibliography and index. | ||
| 610 | 1 | 0 |
_aPrussia (Kingdom). _bArmee _918201 |
| 650 | 0 |
_aDraft _zGermany _zPrussia. _918189 |
|
| 651 | 0 |
_aPrussia (Germany) _xHistory, Military. _918190 |
|
| 830 | 0 |
_vno. 520 _918202 |
|
| 830 | 0 |
_aColumbia studies in the social sciences, _918203 |
|
| 942 |
_2ddc _cBK |
||
| 999 |
_c5791 _d5791 |
||